[Event "IECC O-2238"]
[Site "IECC email"]
[Date "2005.07.14"]
[Round "?"]
[White "Yeargin, Tommy"]
[Black "Sanders, Tony"]
[Result "0-1"]
[WhiteElo "1003"]
[BlackElo "1033"]
[PlyCount "102"]
[EventDate "2005.??.??"]
[EventType "swiss (corr)"]
[EventRounds "2"]
[SourceTitle "Corr 2008"]
[Source "ChessBase"]
[SourceDate "2008.06.24"]
[SourceVersion "1"]
[SourceVersionDate "2008.06.24"]
[SourceQuality "1"]

1. e4 d5 2. exd5 Qxd5 3. Nc3 Qe5+ 4. Be2 Nf6 5. Nf3 Qc5 6. d4 Qa5 7. 0-0 Bg4 8. Bb5+ c6 9. Be2 b5 10. d5 b4 11. Ne5 bxc3 12. Nxg4 Nxd5 13. Ne5 f6 14. Nc4 Qb4 15. bxc3 Qb7 16. Qd4 e5 17. Nxe5 fxe5 18. Qxe5+ Kf7 19. Bh5+ g6 20. Qxh8 gxh5 21. Qxh7+ Bg7 22. Qxh5+ Kg8 23. Bd2 Na6 24. Rae1 Nf6 25. Qe5 Qc7 26. Qe6+ Kf8 27. Bg5 Nc5 28. Qe5 Qxe5 29. Rxe5 Nce4 30. Bf4 Nxc3 31. Rfe1 Rd8 32. g3 Nxa2 33. Bg5 Rd5 34. Bxf6 Bxf6 35. Re8+ Kf7 36. R8e6 Rc5 37. R6e2 Nb4 38. Rc1 Bd4 39. c3 Rxc3 40. Rxc3 Bxc3 41. h4 Bd4 42. g4 c5 43. h5 Kf6 44. Kg2 Nd3 45. f3 Nf4+ 46. Kf1 Nxe2 47. Kxe2 Kg5 48. Kd3 a5 49. Ke4 a4 50. f4+ Kxg4 51. h6 a3 0-1

[Event "IECC O email"]
[Site "IECC email"]
[Date "2000.08.21"]
[Round "?"]
[White "Sanders, Tony"]
[Black "Van Looijengoed, Eric"]
[Result "1-0"]
[WhiteElo "1031"]
[BlackElo "1015"]
[PlyCount "59"]
[EventDate "2000.??.??"]
[EventType "tourn (corr)"]
[EventRounds "6"]
[SourceTitle "Corr 2008"]
[Source "ChessBase"]
[SourceDate "2008.06.24"]
[SourceVersion "1"]
[SourceVersionDate "2008.06.24"]
[SourceQuality "1"]

1. e3 e5 2. Qh5 Nc6 3. Bc4 g6 4. Qf3 Nf6 5. Nc3 Bc5 6. Nd5 Be7 7. Nh3 d6 8. Ng5 Be6 9. Nxf6+ Bxf6 10. Nxe6 fxe6 11. Bxe6 Qe7 12. Bd5 0-0-0 13. Bxc6 bxc6 14. Qxc6 Kb8 15. a4 Qd7 16. Qa6 Ka8 17. d4 e4 18. d5 Rb8 19. 0-0 Rhc8 20. f3 Rb6 21. Qc4 exf3 22. Rxf3 Qe7 23. a5 Rb7 24. Qc6 Rcb8 25. a6 Be5 26. axb7+ Rxb7 27. e4 Bd4+ 28. Be3 Bxb2 29. Rxa7+ Kb8 30. Qxb7# 1-0